书目信息 |
| 题名: |
恢复生态学
|
|
| 作者: | 董世魁 主编 | |
| 分册: | ||
| 出版信息: | 北京 高等教育出版社 2021.1 |
|
| 页数: | 369页 | |
| 开本: | 26cm | |
| 丛书名: | ||
| 单 册: | ||
| 中图分类: | Q148 | |
| 科图分类: | ||
| 主题词: | 生态系生态学--教材 | |
| 电子资源: | ||
| ISBN: | 978-7-04-052399-7 | |
| 000 | 01030nam0 2200277 45 | |
| 001 | 012001002789 | |
| 005 | 20211020091035.73 | |
| 010 | @a978-7-04-052399-7@dCNY57.00 | |
| 100 | @a20200422d2020 em y0chiy50 ea | |
| 101 | 0 | @achi |
| 102 | @aCN@b110000 | |
| 105 | @aa z 000yy | |
| 106 | @ar | |
| 200 | 1 | @a恢复生态学@Ahui fu sheng tai xue@b专著@f董世魁[等]主编 |
| 205 | @a2版 | |
| 210 | @a北京@c高等教育出版社@d2021.1 | |
| 215 | @a369页@c图@d26cm | |
| 300 | @aiCourse·教材 | |
| 300 | @a国家重点研发计划课题资助 | |
| 304 | @a主编还有:刘世梁、尚占环、邵新庆、黄晓霞 | |
| 330 | @a本书分四篇共十四章,主要内容包括:理论生态学基础、应用生态学基础、种群和群落的生态恢复应用与实践、陆域生态系统的恢复重建、水域与湿地生态系统的恢复重建、北美地区的典型案例、欧洲地区的典型案例、生态系统服务与健康管理、全球变化与响应对策、生态环境保护与可持续发展等。 | |
| 606 | 0 | @a生态系生态学@j教材 |
| 690 | @aQ148@v5 | |
| 701 | 0 | @a董世魁@Adong shi kui@4主编 |
| 801 | 2 | @aCN@bBJSDL@c20211018 |
| 905 | @b1350346-8@dQ148@e322=2@f3 | |
| 恢复生态学/董世魁[等]主编.-2版.-北京:高等教育出版社,2021.1 |
| 369页:图;26cm |
| iCourse·教材.-国家重点研发计划课题资助 |
| ISBN 978-7-04-052399-7:CNY57.00 |
| 本书分四篇共十四章,主要内容包括:理论生态学基础、应用生态学基础、种群和群落的生态恢复应用与实践、陆域生态系统的恢复重建、水域与湿地生态系统的恢复重建、北美地区的典型案例、欧洲地区的典型案例、生态系统服务与健康管理、全球变化与响应对策、生态环境保护与可持续发展等。 |
| ● |
| 相关链接 |
|
|
|
|
正题名:恢复生态学
索取号:Q148/322=2
 
预约/预借
| 序号 | 登录号 | 条形码 | 馆藏地/架位号 | 状态 | 备注 |
| 1 | 1350346 | 213503467 | 第二样本阅览室/ [索取号:Q148/322=2] | 在馆 | |
| 2 | 1350347 | 213503476 | 第三借阅区/ [索取号:Q148/322=2] | 在馆 | |
| 3 | 1350348 | 213503485 | 第三借阅区/ [索取号:Q148/322=2] | 在馆 |